[Event "Paracin Orbis FM 02"]
[Site "Paracin"]
[Date "2022.02.06"]
[Round "9"]
[White "Mohamed, Saeed Laily"]
[Black "Cvetanovic, Uros"]
[Result "1-0"]
[WhiteElo "2055"]
[BlackElo "2248"]
[PlyCount "79"]
[EventDate "2022.01.31"]
[EventType "tourn"]
[EventRounds "9"]
[EventCountry "SRB"]
[SourceTitle "EXT 2023"]
[Source "ChessBase"]
[SourceDate "2022.10.05"]
[SourceVersion "1"]
[SourceVersionDate "2022.10.05"]
[SourceQuality "1"]

1. d4 Nf6 2. c4 e6 3. Nc3 Bb4 4. g3 0-0 5. Bg2 d5 6. Nf3 c5 7. cxd5 cxd4 8. Qxd4 Nxd5 9. Bd2 Nc6 10. Qd3 Nxc3 11. bxc3 Qxd3 12. exd3 Bd6 13. Ke2 e5 14. Be3 Bd7 15. Nd2 f5 16. Nc4 Be7 17. Bd5+ Kh8 18. Rab1 b6 19. a4 Rad8 20. f3 Be8 21. Bxc6 Bxc6 22. Nd2 f4 23. Bf2 fxg3 24. hxg3 Rf7 25. Be3 Rdf8 26. Rbf1 Rf6 27. Ne4 Bxe4 28. fxe4 Rxf1 29. Rxf1 Rxf1 30. Kxf1 Kg8 31. Kf2 Kf7 32. d4 exd4 33. cxd4 a6 34. d5 b5 35. axb5 axb5 36. Bd4 g5 37. g4 Kg6 38. e5 h5 39. gxh5+ Kxh5 40. d6 1-0

[Event "Paracin Orbis FM 02"]
[Site "Paracin"]
[Date "2022.02.04"]
[Round "6"]
[White "Cvetanovic, Uros"]
[Black "Harisurya, Bharadwaj Gundepudi"]
[Result "1/2-1/2"]
[WhiteElo "2248"]
[BlackElo "1882"]
[PlyCount "35"]
[EventDate "2022.01.31"]
[EventType "tourn"]
[EventRounds "9"]
[EventCountry "SRB"]
[SourceTitle "EXT 2023"]
[Source "ChessBase"]
[SourceDate "2022.10.05"]
[SourceVersion "1"]
[SourceVersionDate "2022.10.05"]
[SourceQuality "1"]

1. e4 c6 2. d3 d5 3. Nd2 e5 4. Ngf3 Bd6 5. Qe2 Qe7 6. d4 exd4 7. exd5 Bg4 8. h3 Bxf3 9. Nxf3 c5 10. c4 Nd7 11. Bd2 Ngf6 12. Qxe7+ Kxe7 13. Bd3 Ne5 14. Nxe5 Bxe5 15. 0-0 Rhe8 16. a4 a5 17. Ra3 Kd7 18. Bf5+ 1/2-1/2

[Event "Paracin Orbis FM 01"]
[Site "Paracin"]
[Date "2022.01.27"]
[Round "5"]
[White "Ivic, Matija"]
[Black "Cvetanovic, Uros"]
[Result "1/2-1/2"]
[WhiteElo "2258"]
[BlackElo "2248"]
[PlyCount "22"]
[EventDate "2022.01.24"]
[EventType "tourn"]
[EventRounds "9"]
[EventCountry "SRB"]
[SourceTitle "EXT 2023"]
[Source "ChessBase"]
[SourceDate "2022.10.05"]
[SourceVersion "1"]
[SourceVersionDate "2022.10.05"]
[SourceQuality "1"]

1. d4 d5 2. c4 c6 3. cxd5 cxd5 4. Nc3 Nf6 5. Bf4 Bf5 6. e3 e6 7. Nf3 Nc6 8. Bd3 Bxd3 9. Qxd3 a6 10. 0-0 Bd6 11. Bxd6 Qxd6 1/2-1/2

[Event "Paracin Orbis FM 01"]
[Site "Paracin"]
[Date "2022.01.25"]
[Round "2"]
[White "Cvetanovic, Uros"]
[Black "Madanasri, Gundala"]
[Result "1-0"]
[WhiteElo "2248"]
[BlackElo "1990"]
[PlyCount "81"]
[EventDate "2022.01.24"]
[EventType "tourn"]
[EventRounds "9"]
[EventCountry "SRB"]
[SourceTitle "EXT 2023"]
[Source "ChessBase"]
[SourceDate "2022.10.05"]
[SourceVersion "1"]
[SourceVersionDate "2022.10.05"]
[SourceQuality "1"]

1. e4 c6 2. d3 d5 3. Nd2 dxe4 4. dxe4 g6 5. f4 Nf6 6. Ngf3 Bh6 7. g3 0-0 8. Bg2 Bg4 9. h3 Bxf3 10. Qxf3 Qb6 11. Nb3 Nbd7 12. Be3 Qc7 13. g4 Bg7 14. c4 Rfd8 15. e5 Ne8 16. 0-0 e6 17. Rae1 Rac8 18. Bf2 Nb6 19. Qe2 Bf8 20. Bg3 Ng7 21. Be4 Na4 22. Bf2 Bb4 23. Rc1 b6 24. Nd4 Nc5 25. Bg2 Na6 26. Nxc6 Rd2 27. Qf3 Rxb2 28. Nxb4 Rxb4 29. Qa3 Rxc4 30. Rxc4 Qxc4 31. Bb7 Rd8 32. Bxa6 Qe4 33. Qc1 h5 34. Re1 Qa4 35. Bc4 Rc8 36. Bb3 Rxc1 37. Bxa4 Rc4 38. Bd1 Rxf4 39. Re3 hxg4 40. hxg4 Ra4 41. Bxa4 1-0

[Event "Titled Tuesday intern op 21st Dec"]
[Site "Chess.com INT"]
[Date "2021.12.21"]
[Round "11"]
[White "Cvetanovic, Uros"]
[Black "Vivas Zamora, Fabian Ernesto"]
[Result "0-1"]
[WhiteElo "2248"]
[BlackElo "2344"]
[PlyCount "104"]
[EventDate "2021.12.21"]
[EventType "swiss (blitz)"]
[EventRounds "11"]
[EventCountry "USA"]
[SourceTitle "CBM 205 Extra"]
[Source "ChessBase"]
[SourceDate "2022.01.31"]
[SourceVersion "1"]
[SourceVersionDate "2022.01.31"]
[SourceQuality "1"]

1. Nc3 Nf6 2. e4 e5 3. Bc4 Nxe4 4. Qh5 Nd6 5. Qxe5+ Qe7 6. Qxe7+ Bxe7 7. Bb3 Nc6 8. Nge2 Nf5 9. Nd5 Bd8 10. c3 0-0 11. 0-0 Re8 12. Ng3 d6 13. d4 Nxg3 14. fxg3 Be6 15. Nxc7 Bxc7 16. d5 Bb6+ 17. Kh1 Na5 18. dxe6 fxe6 19. Ba4 Rf8 20. Re1 e5 21. Bg5 Rf2 22. b4 Nc6 23. Rad1 Bc7 24. a3 h6 25. Be3 Rb2 26. c4 Rf8 27. h4 Kh7 28. g4 e4 29. Rd2 Rxd2 30. Bxd2 Ne5 31. Rxe4 Rf1+ 32. Kh2 d5 33. Rf4 Nxg4+ 34. Kh3 Bxf4 35. Bc2+ g6 36. Bxf4 Rxf4 37. cxd5 Rd4 38. h5 Ne5 39. hxg6+ Nxg6 40. g4 Kg7 41. Bf5 Rxd5 42. Kg3 Rd4 43. Kf3 Ne5+ 44. Ke3 Rxg4 45. Bxg4 Nxg4+ 46. Kf4 h5 47. Kg5 Nf6 48. a4 Kf7 49. Kf5 Ke7 50. b5 b6 51. Ke5 h4 52. Kf5 h3 0-1

[Event "Titled Tuesday intern op 21st Dec"]
[Site "Chess.com INT"]
[Date "2021.12.21"]
[Round "5"]
[White "Piorun, Kacper"]
[Black "Cvetanovic, Uros"]
[Result "1-0"]
[WhiteElo "2640"]
[BlackElo "2248"]
[PlyCount "71"]
[EventDate "2021.12.21"]
[EventType "swiss (blitz)"]
[EventRounds "11"]
[EventCountry "USA"]
[SourceTitle "CBM 205 Extra"]
[Source "ChessBase"]
[SourceDate "2022.01.31"]
[SourceVersion "1"]
[SourceVersionDate "2022.01.31"]
[SourceQuality "1"]

1. f4 Nf6 2. Nf3 d5 3. g3 c5 4. Bg2 Nc6 5. 0-0 g6 6. d3 Bg7 7. Nc3 d4 8. Na4 Qd6 9. c4 Ng4 10. a3 0-0 11. b4 b6 12. b5 Nd8 13. Ne5 Rb8 14. Nxg4 Bxg4 15. h3 Bd7 16. Qe1 e5 17. Qf2 Qe7 18. Nb2 Kh8 19. fxe5 Bxe5 20. Bh6 Bg7 21. Bf4 Rc8 22. a4 Ne6 23. Bd2 Rce8 24. a5 Ng5 25. axb6 axb6 26. Ra7 h6 27. h4 Ne6 28. Bc6 Rd8 29. Na4 Qd6 30. Bxd7 Rxd7 31. Rxd7 Qxd7 32. Nxb6 Qa7 33. Nd5 Qa2 34. Bf4 Re8 35. e4 dxe3 36. Qxa2 1-0

[Event "Titled Tuesday intern op 21st Dec"]
[Site "Chess.com INT"]
[Date "2021.12.21"]
[Round "2"]
[White "Seliverstov, Vladimir"]
[Black "Cvetanovic, Uros"]
[Result "1-0"]
[WhiteElo "2462"]
[BlackElo "2248"]
[PlyCount "47"]
[EventDate "2021.12.21"]
[EventType "swiss (blitz)"]
[EventRounds "11"]
[EventCountry "USA"]
[SourceTitle "CBM 205 Extra"]
[Source "ChessBase"]
[SourceDate "2022.01.31"]
[SourceVersion "1"]
[SourceVersionDate "2022.01.31"]
[SourceQuality "1"]

1. d4 Nf6 2. c4 e6 3. g3 Bb4+ 4. Nd2 0-0 5. Bg2 Qe7 6. Ngf3 d6 7. 0-0 Bxd2 8. Qxd2 e5 9. dxe5 dxe5 10. b3 Bf5 11. Bb2 Nbd7 12. Rfd1 Rad8 13. Qa5 Nb6 14. Ba3 Rxd1+ 15. Rxd1 Rd8 16. Bxe7 Rxd1+ 17. Ne1 Ne4 18. Bxe4 Bxe4 19. f3 Bc6 20. Kf2 h6 21. Qxe5 Rd7 22. Bc5 Rd8 23. Bxb6 axb6 24. Qxc7 1-0

[Event "Titled Tuesday intern op 07th Dec"]
[Site "Chess.com INT"]
[Date "2021.12.07"]
[Round "11"]
[White "Cvetanovic, Uros"]
[Black "Hjartarson, Johann"]
[Result "0-1"]
[WhiteElo "2248"]
[BlackElo "2470"]
[PlyCount "64"]
[EventDate "2021.12.07"]
[EventType "swiss (blitz)"]
[EventRounds "11"]
[EventCountry "USA"]
[SourceTitle "CBM 205 Extra"]
[Source "ChessBase"]
[SourceDate "2022.01.31"]
[SourceVersion "1"]
[SourceVersionDate "2022.01.31"]
[SourceQuality "1"]

1. Nc3 g6 2. e4 Bg7 3. d4 d6 4. f4 a6 5. Nf3 b5 6. a3 Nd7 7. h4 c5 8. h5 cxd4 9. Nxd4 Bb7 10. Nf3 Ngf6 11. Bd3 Nxh5 12. g4 Nhf6 13. g5 Ng4 14. Nh4 h5 15. f5 Qb6 16. Qe2 Nde5 17. Bf4 b4 18. axb4 Qxb4 19. 0-0 0-0 20. Ra3 Rab8 21. Rb3 Qd4+ 22. Kg2 Ba8 23. Rxb8 Rxb8 24. Nd1 d5 25. Bxe5 Nxe5 26. f6 exf6 27. gxf6 Bh6 28. Nf5 gxf5 29. Qxh5 dxe4 30. Qxh6 exd3+ 31. Kh2 Ng4+ 32. Kg3 Nxh6 0-1

[Event "Titled Tuesday intern op 07th Dec"]
[Site "Chess.com INT"]
[Date "2021.12.07"]
[Round "7"]
[White "Cvetanovic, Uros"]
[Black "Ianov, Viktor"]
[Result "0-1"]
[WhiteElo "2248"]
[BlackElo "2279"]
[PlyCount "76"]
[EventDate "2021.12.07"]
[EventType "swiss (blitz)"]
[EventRounds "11"]
[EventCountry "USA"]
[SourceTitle "CBM 205 Extra"]
[Source "ChessBase"]
[SourceDate "2022.01.31"]
[SourceVersion "1"]
[SourceVersionDate "2022.01.31"]
[SourceQuality "1"]

1. Nc3 d6 2. e4 Nf6 3. d4 c6 4. f4 Qb6 5. Nf3 Bg4 6. e5 Nd5 7. Bc4 e6 8. Ne4 dxe5 9. c3 exd4 10. h3 Bxf3 11. Qxf3 dxc3 12. bxc3 Nd7 13. Bd2 Be7 14. Ke2 0-0 15. Rab1 Qc7 16. g4 Rae8 17. Bd3 f5 18. Ng3 Nc5 19. gxf5 Nxd3 20. Qxd3 exf5 21. Kf3 g6 22. h4 h5 23. Rbg1 Kh7 24. c4 Nb6 25. Be3 Rd8 26. Qc2 Qd7 27. Rd1 Qe6 28. Bxb6 axb6 29. Rhe1 Qf6 30. Rb1 Qxh4 31. Rh1 Qg4+ 32. Kg2 Bc5 33. Rbf1 Be3 34. Rh3 Rd2+ 35. Qxd2 Bxd2 36. Rfh1 Bxf4 37. Kf2 Bxg3+ 38. Rxg3 Qxc4 0-1

[Event "Titled Tuesday intern op 07th Dec"]
[Site "Chess.com INT"]
[Date "2021.12.07"]
[Round "10"]
[White "Cvetanovic, Uros"]
[Black "Koepke, Christian"]
[Result "1-0"]
[WhiteElo "2248"]
[BlackElo "2330"]
[PlyCount "109"]
[EventDate "2021.12.07"]
[EventType "swiss (blitz)"]
[EventRounds "11"]
[EventCountry "USA"]
[SourceTitle "CBM 205 Extra"]
[Source "ChessBase"]
[SourceDate "2022.01.31"]
[SourceVersion "1"]
[SourceVersionDate "2022.01.31"]
[SourceQuality "1"]

1. Nc3 c5 2. e4 Nc6 3. f4 g6 4. Nf3 Bg7 5. d3 d6 6. h3 Rb8 7. g4 b5 8. Ne2 h5 9. g5 e6 10. Nh4 Nge7 11. Ng3 b4 12. Bg2 Nd4 13. 0-0 a5 14. Bd2 Qb6 15. Kh1 Qa6 16. Be3 Bd7 17. Rb1 d5 18. Bxd4 Bxd4 19. f5 dxe4 20. f6 Nd5 21. Bxe4 Ne3 22. Qf3 Nxf1 23. Rxf1 Rf8 24. b3 Rc8 25. Nxg6 fxg6 26. Bxg6+ Kd8 27. Qxh5 Bc6+ 28. Be4 Qb7 29. Qg4 Be5 30. Bxc6 Qxc6+ 31. Ne4 Rc7 32. Kg1 Rcf7 33. g6 Bd4+ 34. Kh2 Be5+ 35. Kg1 Bd4+ 36. Kh2 Be5+ 37. Kh1 Rxf6 38. Rxf6 Rxf6 39. g7 Rf1+ 40. Kg2 Bxg7 41. Kxf1 Bd4 42. h4 Qe8 43. h5 Qf7+ 44. Kg2 Ke7 45. Qg6 Qf4 46. Qg3 Qc1 47. Kh3 Qh1+ 48. Kg4 Qf1 49. Qh3 Qf5+ 50. Kg3 Qe5+ 51. Kg2 Qg7+ 52. Qg3 Qh6 53. Qh4+ Qg5+ 54. Qxg5+ Kd7 55. h6 1-0

[Event "Titled Tuesday intern op 5th May"]
[Site "Chess.com INT"]
[Date "2020.05.05"]
[Round "5"]
[White "Cvetanovic, Uros"]
[Black "Dukic, Zachary"]
[Result "1-0"]
[WhiteElo "2206"]
[BlackElo "2149"]
[PlyCount "97"]
[EventDate "2020.05.05"]
[EventType "swiss (blitz)"]
[EventRounds "10"]
[EventCountry "USA"]
[SourceTitle "EXT 2021"]
[Source "ChessBase"]
[SourceDate "2020.10.23"]
[SourceVersion "1"]
[SourceVersionDate "2020.10.23"]
[SourceQuality "1"]

1. Nc3 e5 2. e4 Nc6 3. Bc4 Nf6 4. d3 Na5 5. Nge2 Nxc4 6. dxc4 Be7 7. 0-0 0-0 8. Ng3 d6 9. h3 Be6 10. Nd5 Nd7 11. Qf3 Nb6 12. Nxe7+ Qxe7 13. b3 a5 14. a4 Nd7 15. Nh5 f5 16. exf5 Bxf5 17. Qxb7 Nc5 18. Qd5+ Kh8 19. Qd1 Ne4 20. Ng3 Nxg3 21. fxg3 Bg6 22. Rxf8+ Rxf8 23. Bd2 e4 24. Qe2 Qe5 25. Rf1 Re8 26. Qe3 h6 27. Bc3 Qh5 28. g4 Qh4 29. Qd4 Qe7 30. Qe3 Qh4 31. Rf4 Kh7 32. g3 Qe7 33. h4 h5 34. gxh5 Bxh5 35. g4 Bf7 36. h5 Qg5 37. Kf2 Qh4+ 38. Ke2 Qh2+ 39. Qf2 Qxf2+ 40. Kxf2 Kg8 41. Ke3 d5 42. c5 c6 43. Bxa5 Re5 44. Bc3 Rg5 45. a5 Be6 46. a6 Bc8 47. a7 Bb7 48. Bd4 g6 49. h6 1-0

[Event "Titled Tuesday intern op 5th May"]
[Site "Chess.com INT"]
[Date "2020.05.05"]
[Round "7"]
[White "Cvetanovic, Uros"]
[Black "Ogloblin, Nikolay"]
[Result "1/2-1/2"]
[WhiteElo "2206"]
[BlackElo "2346"]
[PlyCount "99"]
[EventDate "2020.05.05"]
[EventType "swiss (blitz)"]
[EventRounds "10"]
[EventCountry "USA"]
[SourceTitle "EXT 2021"]
[Source "ChessBase"]
[SourceDate "2020.10.23"]
[SourceVersion "1"]
[SourceVersionDate "2020.10.23"]
[SourceQuality "1"]

1. Nc3 d5 2. e4 c6 3. Nf3 Bg4 4. h3 Bxf3 5. Qxf3 e6 6. d3 Nd7 7. Qg3 g6 8. f4 Bg7 9. Be2 Ne7 10. h4 Qb6 11. Nd1 0-0-0 12. h5 f5 13. h6 Bd4 14. c3 Bc5 15. e5 Qc7 16. d4 Bb6 17. a4 c5 18. Be3 cxd4 19. cxd4 Ba5+ 20. Kf2 Nc6 21. Nc3 a6 22. Rhc1 Kb8 23. Nb5 Qb6 24. Nd6 Rhf8 25. Rab1 Bb4 26. Qh4 Ka8 27. Qh1 Bxd6 28. exd6 Nb4 29. Qe1 Qc6 30. Rxc6 Nxc6 31. b4 Nf6 32. b5 Ne4+ 33. Kg1 Nb8 34. Qa5 Rxd6 35. bxa6 bxa6 36. Rb6 Ka7 37. Rxd6 Nxd6 38. Qc5+ Kb7 39. Qxd6 Rc8 40. Qb4+ Ka7 41. Qe7+ Kb6 42. Qxh7 Rc3 43. Qxg6 Rxe3 44. h7 Nc6 45. h8Q Nxd4 46. Qxd4+ Ka5 47. Qxe3 Kb4 48. Qgxe6 d4 49. Qxd4+ Ka5 50. Qee3 1/2-1/2

[Event "Titled Tuesday intern op 5th May"]
[Site "Chess.com INT"]
[Date "2020.05.05"]
[Round "6"]
[White "Hnydiuk, Aleksander"]
[Black "Cvetanovic, Uros"]
[Result "1-0"]
[WhiteElo "2411"]
[BlackElo "2206"]
[PlyCount "65"]
[EventDate "2020.05.05"]
[EventType "swiss (blitz)"]
[EventRounds "10"]
[EventCountry "USA"]
[SourceTitle "EXT 2021"]
[Source "ChessBase"]
[SourceDate "2020.10.23"]
[SourceVersion "1"]
[SourceVersionDate "2020.10.23"]
[SourceQuality "1"]

1. Nf3 f5 2. g3 Nc6 3. d4 d5 4. Bg2 Nf6 5. 0-0 e6 6. c4 h5 7. Bg5 Be7 8. Nc3 Ne4 9. Bxe7 Qxe7 10. cxd5 Nxc3 11. bxc3 exd5 12. Qb3 Qf7 13. Ng5 Qf6 14. h4 Ne7 15. Bxd5 Nxd5 16. Qxd5 Bd7 17. Qxb7 Bc6 18. Qxc7 0-0 19. Qe5 Qxe5 20. dxe5 f4 21. Ne6 Rf5 22. Nd4 Rxe5 23. Nxc6 Rxe2 24. Rfe1 Rc2 25. Ne7+ Kh7 26. Re5 g6 27. Nd5 fxg3 28. fxg3 Rb8 29. Re7+ Kh6 30. Nf6 g5 31. Rf1 Rbb2 32. Ng8+ Kg6 33. Rf6# 1-0

[Event "Titled Tuesday intern op 5th May"]
[Site "Chess.com INT"]
[Date "2020.05.05"]
[Round "1"]
[White "Talu, Mircea"]
[Black "Cvetanovic, Uros"]
[Result "1-0"]
[WhiteElo "2351"]
[BlackElo "2206"]
[PlyCount "64"]
[EventDate "2020.05.05"]
[EventType "swiss (blitz)"]
[EventRounds "10"]
[EventCountry "USA"]
[SourceTitle "EXT 2021"]
[Source "ChessBase"]
[SourceDate "2020.10.23"]
[SourceVersion "1"]
[SourceVersionDate "2020.10.23"]
[SourceQuality "1"]

1. d4 Nf6 2. c4 e6 3. Nf3 Bb4+ 4. Nbd2 Qe7 5. a3 Bxd2+ 6. Qxd2 0-0 7. e3 d6 8. Be2 e5 9. 0-0 Nc6 10. b4 a5 11. b5 Nd8 12. a4 e4 13. Ne1 Ne6 14. Ba3 Ng5 15. c5 Ng4 16. b6 Qf6 17. bxc7 d5 18. c6 bxc6 19. Bxf8 Kxf8 20. Rb1 Nf3+ 21. Nxf3 exf3 22. Bxf3 Ra7 23. Rb8 Qe6 24. Bxg4 Qxg4 25. Rfb1 Rxc7 26. Qxa5 Re7 27. Qd8+ Re8 28. Qd6+ Kg8 29. Qxc6 Rf8 30. Rc1 Bf5 31. Qd6 Bc8 32. h3 Qf5 1-0

[Event "Titled Tuesday intern op 7th April"]
[Site "Chess.com INT"]
[Date "2020.04.07"]
[Round "2"]
[White "Preotu, Razvan"]
[Black "Cvetanovic, Uros"]
[Result "1-0"]
[WhiteElo "2487"]
[BlackElo "2206"]
[PlyCount "73"]
[EventDate "2020.04.07"]
[EventType "swiss (blitz)"]
[EventRounds "10"]
[EventCountry "USA"]
[SourceTitle "EXT 2021"]
[Source "ChessBase"]
[SourceDate "2020.10.23"]
[SourceVersion "1"]
[SourceVersionDate "2020.10.23"]
[SourceQuality "1"]

1. e4 c5 2. Nf3 e6 3. d4 cxd4 4. Nxd4 a6 5. Nc3 Qc7 6. Bd3 Nc6 7. Nxc6 dxc6 8. 0-0 e5 9. f4 Nf6 10. Qf3 Bc5+ 11. Kh1 h5 12. Qg3 Ng4 13. f5 Bd7 14. Bg5 Nf6 15. Bh4 Kf8 16. a4 a5 17. Nd1 Re8 18. Nf2 b5 19. Nh3 Ng4 20. Ng5 f6 21. Ne6+ Bxe6 22. fxe6 Rxe6 23. axb5 cxb5 24. Bxb5 Qb6 25. Bc4 Rd6 26. Bd5 Ne3 27. Qxe5 Nxf1 28. Rxf1 Bd4 29. Qf5 Be5 30. Qxe5 Qa6 31. Qf5 g6 32. Qf3 Kg7 33. e5 Rxd5 34. Bxf6+ Kh7 35. Bxh8 Kxh8 36. Qf8+ Kh7 37. Rf7# 1-0

[Event "Paracin Amateur op"]
[Site "Paracin"]
[Date "2020.02.02"]
[Round "5"]
[White "Cvetanovic, Uros"]
[Black "Jovic, Stanoje"]
[Result "1-0"]
[WhiteElo "2230"]
[BlackElo "2206"]
[PlyCount "107"]
[EventDate "2020.01.31"]
[EventType "swiss"]
[EventRounds "9"]
[EventCountry "SRB"]
[SourceTitle "CBM 194 Extra"]
[Source "ChessBase"]
[SourceDate "2020.03.31"]
[SourceVersion "1"]
[SourceVersionDate "2020.03.31"]
[SourceQuality "1"]

1. e4 c6 2. d4 d5 3. Nc3 dxe4 4. Nxe4 Bf5 5. Ng3 Bg6 6. Nf3 Nd7 7. h4 h6 8. h5 Bh7 9. Bd3 Bxd3 10. Qxd3 Ngf6 11. Bd2 e6 12. 0-0-0 Be7 13. Kb1 0-0 14. Ne4 Nxe4 15. Qxe4 Nf6 16. Qe2 Qd5 17. g4 Qe4 18. Qxe4 Nxe4 19. Be3 f5 20. Ne5 f4 21. f3 fxe3 22. fxe4 Rf2 23. Nd3 Rg2 24. Rdg1 Rxg1+ 25. Rxg1 Rd8 26. c3 Rf8 27. Kc2 g6 28. hxg6 Kg7 29. Kd1 Rf3 30. Ke2 Rh3 31. Nf4 Rh2+ 32. Rg2 Rh1 33. Nxe6+ Kxg6 34. Kxe3 Bh4 35. d5 cxd5 36. exd5 Kf6 37. c4 Ke5 38. Re2 Rh3+ 39. Kd2+ Kd6 40. c5+ Kd7 41. Nf8+ Kd8 42. Ne6+ Kd7 43. Nd4 Bf6 44. Nf5 h5 45. Re6 Bg5+ 46. Kc2 Rh2+ 47. Kc3 hxg4 48. Rg6 Bd2+ 49. Kc4 Be1 50. Rg7+ Kd8 51. Rxb7 Rf2 52. Nd4 g3 53. d6 Rf4 54. c6 1-0

[Event "Paracin Amateur op"]
[Site "Paracin"]
[Date "2020.02.01"]
[Round "3"]
[White "Cvetanovic, Uros"]
[Black "Radisavljevic, Dalibor"]
[Result "0-1"]
[WhiteElo "2230"]
[BlackElo "2162"]
[PlyCount "114"]
[EventDate "2020.01.31"]
[EventType "swiss"]
[EventRounds "9"]
[EventCountry "SRB"]
[SourceTitle "CBM 194 Extra"]
[Source "ChessBase"]
[SourceDate "2020.03.31"]
[SourceVersion "1"]
[SourceVersionDate "2020.03.31"]
[SourceQuality "1"]

1. e4 c5 2. Nc3 g6 3. d3 Bg7 4. Be3 d6 5. Qd2 Nc6 6. g3 Rb8 7. Bg2 b5 8. f4 b4 9. Nd1 Qb6 10. h3 Nf6 11. g4 0-0 12. Nf3 a5 13. Qf2 Ba6 14. g5 Nh5 15. h4 a4 16. 0-0 a3 17. Rb1 axb2 18. Nxb2 Qa5 19. Nd2 Nd4 20. Nb3 Qxa2 21. Nxd4 cxd4 22. Bd2 b3 23. e5 bxc2 24. Ra1 Qxb2 25. Rxa6 Qb5 26. Ra3 dxe5 27. f5 Qd7 28. Bh3 Qc7 29. Ra4 e4 30. dxe4 Qg3+ 31. Bg2 Rb1 32. f6 Qxf2+ 33. Kxf2 exf6 34. Rxd4 Rc8 35. Bh3 f5 36. Rd5 Rxf1+ 37. Bxf1 c1Q 38. Bxc1 Rxc1 39. exf5 gxf5 40. Bd3 Rh1 41. Bc4 Rxh4 42. Bb3 Rb4 43. Rd8+ Bf8 44. Bc2 Rf4+ 45. Ke2 Kg7 46. Rd7 Rb4 47. Kf3 Bc5 48. Rc7 Rf4+ 49. Ke2 Rf2+ 50. Kd1 Be3 51. Bb3 Bxg5 52. Bxf7 Nf4 53. Be8+ Kf8 54. Bb5 h6 55. Bc4 Ng2 56. Rc8+ Ke7 57. Bb5 Rd2+ 0-1

[Event "Paracin Amateur op"]
[Site "Paracin"]
[Date "2020.02.01"]
[Round "2"]
[White "Micic, Aleksa"]
[Black "Cvetanovic, Uros"]
[Result "0-1"]
[WhiteElo "1942"]
[BlackElo "2230"]
[PlyCount "90"]
[EventDate "2020.01.31"]
[EventType "swiss"]
[EventRounds "9"]
[EventCountry "SRB"]
[SourceTitle "CBM 194 Extra"]
[Source "ChessBase"]
[SourceDate "2020.03.31"]
[SourceVersion "1"]
[SourceVersionDate "2020.03.31"]
[SourceQuality "1"]

1. e4 c5 2. Nf3 e6 3. d4 cxd4 4. Nxd4 a6 5. c4 Nf6 6. Nc3 Qc7 7. a3 Nc6 8. Nxc6 dxc6 9. Be3 e5 10. Be2 Be6 11. 0-0 Rd8 12. Qc2 Be7 13. h3 0-0 14. b4 b5 15. c5 a5 16. Rad1 Ra8 17. f4 axb4 18. axb4 Ra3 19. Rc1 exf4 20. Bxf4 Qa7 21. Kh1 Rd8 22. Rfd1 Rxd1+ 23. Qxd1 Qd7 24. Bd6 Bd8 25. Qc2 Ne8 26. Bf4 Bc7 27. Rd1 Qe7 28. Bxc7 Qxc7 29. Qd2 Qe5 30. Nxb5 cxb5 31. Bxb5 Ra8 32. Bc6 Rc8 33. Bb7 Rb8 34. c6 Kf8 35. Qd3 Ke7 36. b5 Qc5 37. Qg3 Nd6 38. Ba6 Rd8 39. Qxg7 Nxe4 40. Rxd8 Kxd8 41. Qxh7 Qc1+ 42. Kh2 Qf4+ 43. Kh1 Nf2+ 44. Kg1 Nxh3+ 45. gxh3 Qg3+ 0-1